Political Geography. World-Economy, Nation-State and Locality
Saved in:
| Main Authors: | , |
|---|---|
| Format: | Unknown |
| Language: | English |
| Published: |
Oxfordshire, United Kingdom:
Routledge Taylor & Francis Group,
2018
|
| Edition: | Seventh edition. |
| Subjects: | |
| Tags: |
Add Tag
No Tags, Be the first to tag this record!
|
MARC
| LEADER | 00000 a2200000 4500 | ||
|---|---|---|---|
| 003 | CL-VaPUC | ||
| 005 | 20241106123657.0 | ||
| 008 | 220228b2018 ||||| |||| 00| 0 eng d | ||
| 999 | |c 434235 |d 434233 | ||
| 020 | |a 9781138058262 | ||
| 040 | |c Pontificia Universidad Católica de Valparaíso | ||
| 082 | |a 320.12 FLI 2018 |2 22 | ||
| 100 | |a Flint, Colin |9 865029 | ||
| 245 | |a Political Geography. |b World-Economy, Nation-State and Locality | ||
| 250 | |a Seventh edition. | ||
| 260 | |a Oxfordshire, United Kingdom: |b Routledge Taylor & Francis Group, |c 2018 | ||
| 300 | |a 376 páginas | ||
| 583 | |k Cristina María Rojas Aguilar |c 20220228 | ||
| 650 | 0 | |a Geografía política |9 268296 | |
| 650 | 0 | |a Geopolítica |9 313921 | |
| 650 | 0 | |a Ciencia política |9 324218 |x Ensayos | |
| 700 | |a Taylor, Peter J. |e author |9 866625 | ||
| 942 | |2 ddc |c BK | ||
| 952 | |0 0 |1 0 |2 ddc |4 0 |6 320_120000000000000_FLI_2018 |7 0 |8 A |9 581436 |a BIBING |b BIBING |c GEN |d 2022-02-24 |e 74 |g 70405.00 |i 5647312 |o 320.12 FLI 2018 |p 5647312 |r 2025-01-20 |t 2 |v 70405.00 |w 2022-02-24 |y BK |k GEO | ||
| 952 | |0 0 |1 0 |2 ddc |4 0 |6 320_120000000000000_FLI_2018 |7 0 |8 A |9 581437 |a BIBING |b BIBING |c GEN |d 2022-02-24 |e 74 |g 70405.00 |i 5647304 |o 320.12 FLI 2018 |p 5647304 |r 2025-01-20 |t 1 |v 70405.00 |w 2022-02-24 |y BK |k GEO | ||
| 952 | |0 0 |1 0 |2 ddc |4 0 |6 320_120000000000000_FLI_2018 |7 0 |8 A |9 581438 |a BIBING |b BIBING |c GEN |d 2022-02-24 |e 74 |g 70405.00 |i 5647320 |o 320.12 FLI 2018 |p 5647320 |r 2025-01-20 |t 3 |v 70405.00 |w 2022-02-24 |y BK |k GEO | ||